ARRUPE JESUIT UNIVERSITY

CORONAVIRUS -STOP THE SPREAD - CLEAN,DISINFECT,COVER

Critical Thinking (Record no. 121135)

MARC details
000 -LEADER
fixed length control field 00542nam a22001577a 4500
008 - FIXED-LENGTH DATA ELEMENTS--GENERAL INFORMATION
fixed length control field 141017b xxu||||| |||| 00| 0 eng d
020 ## - INTERNATIONAL STANDARD BOOK NUMBER
International Standard Book Number 9781551118840
050 ## - LIBRARY OF CONGRESS CALL NUMBER
Classification number BC177.L39 2008
100 ## - MAIN ENTRY--PERSONAL NAME
Personal name Hughes, William and Lavery, Jonathan
9 (RLIN) 12231
245 ## - TITLE STATEMENT
Title Critical Thinking
Remainder of title an introduction to the basic skills
Statement of responsibility, etc William Hughes and Jonathan Lavery
260 ## - PUBLICATION, DISTRIBUTION, ETC. (IMPRINT)
Place of publication, distribution, etc Canada
Name of publisher, distributor, etc Broadview Press
Date of publication, distribution, etc 2008
300 ## - PHYSICAL DESCRIPTION
Extent 390p. ;
Dimensions 23cm.
650 ## - SUBJECT ADDED ENTRY--TOPICAL TERM
Topical term or geographic name as entry element Critical thinking
General subdivision textbooks
9 (RLIN) 12232
650 ## - SUBJECT ADDED ENTRY--TOPICAL TERM
Topical term or geographic name as entry element Logic
General subdivision textbooks
9 (RLIN) 12233
942 ## - ADDED ENTRY ELEMENTS (KOHA)
Source of classification or shelving scheme Library of Congress Classification
Item type Monograph ( Printed materials)
Koha issues (borrowed), all copies 16
Holdings
Withdrawn status Lost status Source of classification or shelving scheme Damaged status Not for loan Collection code Home library Current library Shelving location Date acquired Total Checkouts Full call number Barcode Date last seen Date last borrowed Price effective from Koha item type
    Library of Congress Classification     Main Collection ARRUPE LIBRARY ARRUPE LIBRARY Main Collection 17/10/2014 14 BC177.L39 2008 46500003783 06/06/2024 22/01/2024 17/10/2014 Monograph ( Printed materials)
    Library of Congress Classification     Main Collection ARRUPE LIBRARY ARRUPE LIBRARY Main Collection 17/10/2014 5 BC177.L39 2008 46500003784 31/08/2016 16/03/2015 17/10/2014 Monograph ( Printed materials)

 

Arrupe Library. PO Box MP320 Mt Pleasant, Harare, Zimbabwe
263 242 745411|librarian@aju.ac.zw